00354nam a2200133Ia 4500008004100000020001500041041001200056082002200068100002700090245003200117260002700149300001700176650002700193231217s9999 xx 000 0 und d a8178813734 aEnglish a658.827 SRE;1 R aSreenath, Kanugovi ed. 0aBrand India : an evaluation c2004bIcfaiaHyderabad aiii, 202+A13 aBrand,India,evaluation